Normal view
MARC view
Entry Personal Name
001 - CONTROL NUMBER
- control field: 1237648
003 - CONTROL NUMBER IDENTIFIER
- control field: OSt
005 - DATE AND TIME OF LATEST TRANSACTION
- control field: 20260430150502.0
008 - FIXED-LENGTH DATA ELEMENTS
- fixed length control field: 260430|| aca||aabn | a|a d
040 ## - CATALOGING SOURCE
- Original cataloging agency: OSt
- Transcribing agency: OSt
100 ## - HEADING--PERSONAL NAME
- Personal name: Meena Priyanka Au.; Verma Akhilesh K. Gu.; Bharti Akhilesh Gu
670 ## - SOURCE DATA FOUND
- Source citation: Work cat.: (OSt)1849893: Meena Priyanka Au.; Verma Akhilesh K. Gu.; Bharti Akhilesh Gu., Base-Mediated Chemo- and Regioselective Intermolecular Hydroamination and Methylsulfinylation of Alkenes, 2022
